<?xml version="1.0" encoding="UTF-8"?>
<record
    xmlns:xsi="http://www.w3.org/2001/XMLSchema-instance"
    xsi:schemaLocation="http://www.loc.gov/MARC21/slim http://www.loc.gov/standards/marcxml/schema/MARC21slim.xsd"
    xmlns="http://www.loc.gov/MARC21/slim">

  <leader>02125nab a2200205 i 4500</leader>
  <controlfield tag="001">768714001</controlfield>
  <controlfield tag="003">CO-MdFUSB</controlfield>
  <controlfield tag="005">20240313123953.0</controlfield>
  <controlfield tag="008">230428t2018    cl ||||| |||| 00| 0 eng d</controlfield>
  <datafield tag="040" ind1=" " ind2=" ">
    <subfield code="b">eng</subfield>
    <subfield code="a">CO-MdFUSB</subfield>
    <subfield code="c">CO-MdFUSB</subfield>
    <subfield code="d">CO-MdFUSB</subfield>
  </datafield>
  <datafield tag="041" ind1=" " ind2=" ">
    <subfield code="a">eng</subfield>
  </datafield>
  <datafield tag="100" ind1=" " ind2=" ">
    <subfield code="a">Mart&#xED;nez, Juan Francisco, </subfield>
    <subfield code="e">autor</subfield>
  </datafield>
  <datafield tag="245" ind1=" " ind2=" ">
    <subfield code="a">The anabaptist reform in latin America : </subfield>
    <subfield code="b">contributions of the radical reform to popular latin american protestantism</subfield>
    <subfield code="c">/ Juan Francisco Mart&#xED;nez Guerra</subfield>
  </datafield>
  <datafield tag="300" ind1=" " ind2=" ">
    <subfield code="a">Volumen 13, n&#xFA;mero 1 (2018), p&#xE1;ginas: 117 - 136 </subfield>
    <subfield code="c">; 23 cm</subfield>
  </datafield>
  <datafield tag="520" ind1=" " ind2=" ">
    <subfield code="a">Este art&#xED;culo busca situar al movimiento Anabautista dentro de la Reforma protestante, desarrollando las diferentes aristas del pensamiento con respecto a la reforma, en especial, de este movimiento. Desde una perspectiva Anabautista, las noventa y cinco tesis de Lutero siguen siendo v&#xE1;lidas. La cr&#xED;tica de Lutero a la Iglesia Cat&#xF3;lica en el siglo XVI tiene mucho que decir a iglesias que son descendientes espirituales del movimiento Anabautista del mismo siglo. Lutero enfrent&#xF3; una pr&#xE1;ctica religiosa que se puede ver a lo largo de la historia humana. Lo que no vio fue que tal pr&#xE1;ctica era parte de todo un sistema que oprim&#xED;a a los pobres en nombre del cristianismo. Un llamado a volver a la fe del Nuevo Testamento siempre debe incluir un an&#xE1;lisis de las estructuras de pecado e injusticia que a menudo son bendecidas por los religiosos. El autor expone que los anabautistas, recuerdan la Reforma Radical y les sorprende el nivel de compromiso, el precio que tantas mujeres y hombres estaban dispuestos a pagar por su fe. Podemos aprender no solo de lo que ense&#xF1;aron, sino tambi&#xE9;n de lo que hicieron. El mayor legado de la Reforma Radical es el ejemplo de personas dispuestas a seguir el camino de Cristo, en comunidades de creyentes, atentas a la obra del Esp&#xED;ritu Santo. </subfield>
  </datafield>
  <datafield tag="546" ind1=" " ind2=" ">
    <subfield code="a">Texto en ingl&#xE9;s</subfield>
  </datafield>
  <datafield tag="653" ind1=" " ind2=" ">
    <subfield code="a">Anabautismo</subfield>
  </datafield>
  <datafield tag="773" ind1="0" ind2=" ">
    <subfield code="0">49416</subfield>
    <subfield code="9">81286</subfield>
    <subfield code="d">Santiago de Chile</subfield>
    <subfield code="o">R1734</subfield>
    <subfield code="t">Journal of Latin American Theology :</subfield>
    <subfield code="w">(CO-MdFUSB)118</subfield>
    <subfield code="x">1669-8949</subfield>
    <subfield code="g">Volumen 13, n&#xFA;mero 1 (2018), p&#xE1;ginas: 117 - 136 </subfield>
    <subfield code="q">p&#xE1;gina 117</subfield>
  </datafield>
  <datafield tag="942" ind1=" " ind2=" ">
    <subfield code="c">ANA</subfield>
  </datafield>
  <datafield tag="999" ind1=" " ind2=" ">
    <subfield code="c">68802</subfield>
    <subfield code="d">68802</subfield>
  </datafield>
</record>
